История армянского геноцида : (Record no. 225745)
[ view plain ]
| 000 -LEADER | |
|---|---|
| fixed length control field | 01455nam a2200265 u 4500 |
| 001 - CONTROL NUMBER | |
| control field | 000570046 |
| 003 - CONTROL NUMBER IDENTIFIER | |
| control field | AM-YeHGA |
| 005 - DATE AND TIME OF LATEST TRANSACTION | |
| control field | 20250618073333.0 |
| 008 - FIXED-LENGTH DATA ELEMENTS--GENERAL INFORMATION | |
| fixed length control field | 080303s2007 ai r 000 0 rus d |
| 020 ## - INTERNATIONAL STANDARD BOOK NUMBER | |
| International Standard Book Number | 9789994144525 |
| 040 ## - CATALOGING SOURCE | |
| Original cataloging agency | AM-YeHGA |
| 041 1# - LANGUAGE CODE | |
| Language code of text/sound track or separate title | rus |
| Language code of original | eng |
| 090 ## - LOCALLY ASSIGNED LC-TYPE CALL NUMBER (OCLC); LOCAL CALL NUMBER (RLIN) | |
| -- | 227286 |
| 100 1# - MAIN ENTRY--PERSONAL NAME | |
| Personal name | Տատրյան, Վահագն Հակոբի, |
| Dates associated with a name | 1926- |
| 245 10 - TITLE STATEMENT | |
| Title | История армянского геноцида : |
| Remainder of title | Этнический конфликт от Балкан до Анатолии и Кавказа / |
| Statement of responsibility, etc. | Ваакн Н. Дадрян; Пер. с 6-го англ. пересмотр. изд. С.Д. Оганесян; Науч. ред. А.В. Акопян. |
| 246 35 - VARYING FORM OF TITLE | |
| Title proper/short title | The History of the Armenian Genocide : |
| Remainder of title | Ethnic Conflict from the Balkans to Anatolia to the Caucasus |
| 260 ## - PUBLICATION, DISTRIBUTION, ETC. | |
| Place of publication, distribution, etc. | Ереван : |
| Name of publisher, distributor, etc. | Ноян Тапан, |
| Date of publication, distribution, etc. | 2007. |
| 300 ## - PHYSICAL DESCRIPTION | |
| Extent | XXXVII, 584 с. ; |
| Dimensions | 27 см. |
| 500 ## - GENERAL NOTE | |
| General note | К 90-летию геноцида армян в Турции (1915 - 1923) |
| 504 ## - BIBLIOGRAPHY, ETC. NOTE | |
| Bibliography, etc. note | Библиогр.: с. 556-576 |
| 534 ## - ORIGINAL VERSION NOTE | |
| Introductory phrase | Оригинал на англ. : |
| Title statement of original | The History of the Armenian Genocide :Ethnic Conflict from the Balkans to Anatolia to the Caucasus / |
| Main entry of original | Vahakn N. Dadrian. - |
| Publication, distribution, etc. of original | Oxford, 1995. |
| 650 14 - SUBJECT ADDED ENTRY--TOPICAL TERM | |
| Topical term or geographic name entry element | Геноцид армян |
| General subdivision | История |
| Active dates | 1915 - 1923 гг. |
| Geographic subdivision | Турция |
| 700 1# - ADDED ENTRY--PERSONAL NAME | |
| Personal name | Оганесян, С.Д. |
| Relator term | пер. |
| Relationship | trl |
| 700 1# - ADDED ENTRY--PERSONAL NAME | |
| Personal name | Հակոբյան, Հակոբ Վահանի, |
| Dates associated with a name | 1927-2009 |
| Relator term | ред. |
| Relationship | edt |
| 9 (RLIN) | 2293 |
| Withdrawn status | Lost status | Damaged status | Not for loan | Collection | Home library | Current library | Date acquired | Serial enumeration / chronology | Shelving control number | Total checkouts | Full call number | Barcode | Date last seen | Price effective from | Koha item type | Public note |
|---|---|---|---|---|---|---|---|---|---|---|---|---|---|---|---|---|
| General | Fundamental Scientific Library | Fundamental Scientific Library | 28/12/2016 | RH1-1/4/17 | PIII/61036 | FL0095224 | 28/12/2016 | 28/12/2016 | Գրքեր / Books | 30 Days Loan | ||||||
| General | Fundamental Scientific Library | Fundamental Scientific Library | 28/12/2016 | PIII/61137 | FL0178895 | 28/12/2016 | 28/12/2016 | Գրքեր / Books | 30 Days Loan |
ՀՀ Գիտությունների ազգային ակադեմիայի հիմնարար գիտական գրադարան = Fundamental Scientific Library of NAS RA
All site content, except where otherwise noted, is licensed under a